Widok standardowy
Widok MARC
Pozycja Personal Name
Liczba rekordów, w których użyto hasła: 2
001 - Numer kontrolny
- control field: 40116
003 - Identyfikator numeru kontrolnego
- control field: NUKAT
005 - Data i czas ostatniej modyfikacji
- control field: 20260415145932.0
008 - Dane kontrolne kodowane (40 znaków)
- fixed length control field: 040212n||a|znnaabn |a aaa |c
010 ## - Numer kontrolny Biblioteki Kongresu
- numer kontrolny LC: n 2004016429
040 ## - Instytucja sporządzająca rekord
- inst. przygot. dane do rek. khw: WA U/91UKP
- język haseł przedmiotowych/tezaurus: kaba
- inst. wprow. rek. khw: WA U/UKP
- inst. modyf. rek. khw: KR U/56MG
- inst. modyf. rek. khw: WA M/LA
100 1# - Hasło - nazwa osobowa
- nazwa osobowa w formie ujednoliconej: Wołoszyn, Jacek Witold
- daty biograficzne: (1972- ).
400 1# - Trop zob. - nazwa osobowa
- nazwa osobowa (nazwisko, imiona): Wołoszyn, Jacek
- daty biograficzne: (1972- ).
670 ## - Źródło informacji
- źródło informacji: Problematyka wyznaniowa w praktyce parlamentarnej Rzeczypospolitej w latach 1648-1696 / Jacek Witold Wołoszyn. - Warszawa, 2003.
670 ## - Źródło informacji
- źródło informacji: OPI online
670 ## - Źródło informacji
- źródło informacji: Chronić i kontrolować : UB wobec środowisk i organizacji konspiracyjnych młodzieży na Lubelszczyźnie : (1944-1956) / Jacek Witold Wołoszyn. - Warszawa, 2007.
670 ## - Źródło informacji
- źródło informacji: Wysiedlenia jako narzędzie polityki ludnościowej w Europie XX wieku / pod red. Jacka Wołoszyna.- Lublin, 2015.
670 ## - Źródło informacji
- źródło informacji: BNPol online